LEADER 01171nam a2200289 a 4500 001 000000134152 003 CaOOAMICUS 005 20130530104006.0 008 130530s2009 it u000 u ita r 020 $a978-88-6159-308-4 040 $aPUL$bita 082 04$a174.9 100 1 $aFornero, Giovanni.$0(OLS)http://pul/name/7698 245 10$aBioetica cattolica e bioetica laica /$cGiovanni Fornero ; con un poscritto 2009. 260 $aMilano :$bBruno Mondadori,$cİ2009. 300 $aXI, 257 p. ;$c22 cm 490 1 $aEconomica ;$v124 650 4$aBioetica e religione.$0(OLS)http://pul/subject/36334 830 0$aEconomica (Bruno Mondadori) ;$v124.$0(OLS)http://pul/title/131978 850 $aPUL 852 $aPUL$W1$xSL Filosofia 3$y81$m174. 9 FORGI 1$j154231$qDDC 21$B153785$CPULBib$Z2$F153785 $H122401 $82 941 1 $a9 996 $6020$a978-88-6159-308-4$9(OLS)http://pul/number/152881 996 $6082$a174.9$9(OLS)http://pul/classification/495 996 $6245$aBioetica cattolica e bioetica laica$9(OLS)http://pul/title/169594 996 $6260$aMilano :$bBruno Mondadori$9(OLS)http://pul/publisher/60338 LEADER 01383nam a2200313 a 4500 001 000000160958 003 CaOOAMICUS 005 20170525095452.0 008 170525s2017 it d 001 0 ita r 020 $a978-88-6030-912-9* 032 $aLibriCat 040 $aPUL$bita 100 1 $aRecalcati, Massimo,$d1959-$0(OLS)http://pul/name/75173 245 13$aLa pratica del colloquio clinico :$buna prospettiva lacaniana /$cMassimo Recalcati. 260 $aMilano :$bRaffaello Cortina,$cİ2017. 300 $aXII, 272 p. :$bgrafici ;$c23 cm. 490 1 $aCollana di psicologia clinica e psicoterapia ;$v293 504 $aInclude riferimenti bibliografici ed indice. 600 14$aLacan, Jacques,$d1901-1981.$0(OLS)http://pul/subject/8737 650 4$aPsicanalisi.$0(OLS)http://pul/subject/1791 830 0$aCollana di psicologia clinica e psicoterapia ;$v293.$0(OLS)http://pul/title/12189 850 $aPUL 852 $aPUL$W1$xSL Filosofia 1$y2$m97 S 293$j184889$qStampati$B188080$CPULBib$Z2$F188080 $H129719 $81 941 1 $a8 960 $aPsicoanalisi$91791 996 $6020$a978-88-6030-912-9*$9(OLS)http://pul/number/162756 996 $6245$aLa pratica del colloquio clinico :$buna prospettiva lacaniana$9(OLS)http://pul/title/200669 996 $6260$aMilano :$bRaffaello Cortina$9(OLS)http://pul/publisher/63509